| 000 | 01613 a2200241 4500 | ||
|---|---|---|---|
| 001 | 28179 | ||
| 005 | 20260407155554.0 | ||
| 008 | 260407a1991 arg spa d | ||
| 003 | AR-UNSa-BCEJYS | ||
| 040 |
_aAR-UNSa-BCEJYS _bspa _cAR-UNSa-BCEJYS |
||
| 080 |
_a342 _xDerecho constitucional (Derecho Público) |
||
| 245 | 1 | 0 |
_aEl incumplimiento de las sentencias y la responsabilidad del estado _pLey 23.982 |
| 020 | _a950-9606-36-7 | ||
| 264 | 1 |
_aBuenos Aires : _bAD-HOC _c1991 |
|
| 300 |
_a102 p. _c20 cm. |
||
| 505 | _a1. Introducción - 2. El decreto que promulga y tiene por Ley de la Nación el Proyecto de Ley registrado bajo el Nº 23.982 - 3. Doctrina y Jurisprudencia sobre la sanción parcial de leyes - 4. La inconstitucionalidad del acto promulgatorio de la Ley 23.982 - 5. Inconstitucionalidad de la normativa pretendidamente vigente - 6. El sistema empleado en la Ley excede los criterios de razonabilidad y proporcionalidad - 7. Ejercicio abusivo de derechos por parte del Estado - 8. La aplicación de la Ley implica vulnerar Derechos Humanos - 9. Protección de créditos de naturaleza alimentaria. Profesionales y Peritos - 10. Intervención de la Corte Internacional de Justicia de la Haya - 11. Posibilidad de articular la defensa de inconstitucionalidad. | ||
| 942 | _cBK | ||
| 590 | _aniveau_biblio:m niveau_hierar:0 | ||
| 100 | 1 | _aFairstein, Juan Carlos | |
| 650 | _aLey Nº 23.982 | ||
| 856 | 4 | 1 |
_uhttps://biblioeco.unsa.edu.ar/pmb/images/libros/El Incumplimiento de las Sentencias y la Responsabilidad del Estado-l119966.jpg _yImagen de portada _qimage/jpeg |
| 650 | _a ley nº 23 982 | ||
| 999 |
_c1665 _d1665 |
||